000 00640nam a22002177a 4500
003 UA-OsUOA
001 76257
007 ta
008 20110621b un ||||| |||| 00| 0 ukr d
100 _aЧернишова Л.
090 _a330(477)
_bЧ-49
942 _cSA
040 _aUA-OsUOA
_bukr
_cUA-OsUOA
_dUA-OsUOA
245 _aРегулювання процесу формування структури банківського капіталу
300 _aС.70-73
955 _a0
041 _aukr
080 _a330(477)
773 0 _w76253
_tЕкономіст
_dК.
_d2011
_g5
650 7 _a330 Економіка взагалі
_2UDC
999 _c362560
_d362560